DUNE
| Main Author: | |
|---|---|
| Format: | Book |
| Language: | English |
| Subjects: |
| LEADER | 00623cam a2200229 7i4500 | ||
|---|---|---|---|
| 001 | 0000036780 | ||
| 005 | 20220428090000.0 | ||
| 007 | ta | ||
| 008 | 220303t1965 eng | ||
| 020 | |a 9780441172719 | ||
| 040 | |a MATR | ||
| 090 | 0 | 0 | |a FI 813.6 |b HER |
| 100 | 1 | |a Herbert, Frank |e author | |
| 245 | 1 | 0 | |a DUNE |c Frank Herbert. |
| 264 | 0 | |a New York: |b ACE, |c 2010. | |
| 300 | |a 884 pages; |c cm. | ||
| 336 | |a text |2 rdacontent | ||
| 337 | |a unmediated |2 rdamedia | ||
| 338 | |a volume |2 rdacarrier | ||
| 500 | |a Screen adaption | ||
| 650 | 0 | |a English fiction | |
| 999 | |a B000041689 |b Book |c Book |e Business Information Centre | ||


